La semiología

Guardat en:
Dades bibliogràfiques
Autor principal: Barthes, Roland et al
Format: Llibre
Idioma:Undetermined
Publicat: Buenos Aires, Argentina Tiempo Contemporáneo 1974
Edició:3
Matèries:
Etiquetes: Afegir etiqueta
Sense etiquetes, Sigues el primer a etiquetar aquest registre!

MARC

LEADER 00000nam a2200000Ia 4500
008 170316s9999 xx 000 0 und d
090 |a 801 B-7se 
100 |a Barthes, Roland et al. 
245 |a La semiología 
250 |a 3 
260 |a Buenos Aires, Argentina 
260 |b Tiempo Contemporáneo 
260 |c 1974 
300 |a 199 páginas 
650 |a TEORÍA LITERARIA 
650 |a SEMIOLOGÍA 
999 |c 20140  |d 20140 
040 |a cru BVZT 
942 |c 15 D  |h 801 B-7se  |2 z